000 00550nam a2200229Ia 4500
003 OSt
005 20221005115054.0
006 a|||||r|||| 00| 0
007 ta
008 221004b |||||||| |||| 00| 0 eng d
024 _a66161
037 _cTextual
040 _aCRL
_cCRL
_beng
041 _2eng
_aeng
082 _aV55:1wM15, 113H1.1-3
100 _aEyck Erich
245 0 _aBismarck
260 _c1941
650 _aHISTORY
942 _hV55:1wM15, 113H1.1-3
_cTEXL
_2cc
999 _c1033339
_d1033339